=LDR 00000nam 2200000 4500 =001 INLIS000000000046716 =005 20150427153613.0 =006 =007 =008 =020 ##$$a 978-979-067-012-9 =035 ##$$0010-041500000000198 =040 ##$$a Ind =082 ##$$a 633.88 =090 ##$$a 633.88$b Tri m =100 ##$$a Tri Prasetyono =245 ##$$a manfaat apotek hidup =260 ##$$a Semarang$b Sindur pres =300 ##$$a iv,59hlm$c 20cm =850 ##$$a NBPDMAT =990 ##$$a 0001/BPAP-NTB/20142015